000 01068nam a2200277Ia 4500
001 ebr10393281
003 CaPaEBR
006 m u
007 cr cn|||||||||
008 100317s2010 maua s 001 0 eng d
020 _z9781607839774
040 _aCaPaEBR
_cCaPaEBR
035 _a(OCoLC)712991196
050 1 4 _aTK5981
_b.C36 2010eb
100 1 _aCampanella, Humberto.
245 1 0 _aFBAR, MEMS and NEMS resonator design and applications
_h[electronic resource] /
_cHumberto Campanella.
260 _aBoston :
_bArtech House,
_cc2010.
300 _axv, 345 p. :
_bill.
500 _aIncludes index.
533 _aElectronic reproduction.
_bPalo Alto, Calif. :
_cebrary,
_d2010.
_nAvailable via World Wide Web.
_nAccess may be limited to ebrary affiliated libraries.
650 0 _aAcoustic surface wave devices.
650 0 _aElectric resonators.
655 7 _aElectronic books.
_2local
710 2 _aebrary, Inc.
856 4 0 _uhttp://site.ebrary.com/lib/rucke/Doc?id=10393281
_zAn electronic book accessible through the World Wide Web; click to view
999 _c89668
_d89668